| 000 | 00473nam a2200157 i 4500 | ||
|---|---|---|---|
| 001 | 100838 | ||
| 003 | ES-MaACL | ||
| 005 | 20230906182749.0 | ||
| 007 | t| | ||
| 008 | 051006s1921 fr ||||1| fre d | ||
| 100 | 1 |
_aMatisse, Georges. _979084 |
|
| 245 | 1 | 3 |
_aLe mouvement scientifique contemporain en France _b: les sciences naturelles / _cGeorges Matisse. |
| 260 |
_aParis : _b[s.n.], _c1921 ( _fF. Paillart) |
||
| 300 |
_a160 p. ; _c16 cm. |
||
| 852 |
_aES-MaACL _jE-1233 |
||
| 999 |
_c100838 _d100838 |
||